00475nam a2200205Ia 4500003000900000005001700009008004100026040001300067040001300080041000800093100001700101245006600118250000900184260002100193260000900214300001100223300001000234490000600244600001900250IT-RoPAU20220918175838.0120407s9999 xx 000 0 und d aIT-RoPAU cIT-RoPAU aita aCandido Pozo aTeologia dell’aldilà. Trad. dallo spagnolo di Luigi Rolfo aRoma aEdizioni Paoline c1971 a336 p. c21 cm v1 a1. Escatologia